National Infrastructure Planning (Record no. 121041)

MARC details
000 -LEADER
fixed length control field 00916cai a22001935a 4500
001 - CONTROL NUMBER
control field L158941
008 - FIXED-LENGTH DATA ELEMENTS--GENERAL INFORMATION
fixed length control field 151021u2015 xxk g 000 0 eng d
035 ## - SYSTEM CONTROL NUMBER
System control number (Sirsi) u158941
041 0# - LANGUAGE CODE
Language code of text/sound track or separate title eng
110 2# - MAIN ENTRY--CORPORATE NAME
Corporate name or jurisdiction name as entry element The Planning Inspectorate
9 (RLIN) 5723
245 00 - TITLE STATEMENT
Title National Infrastructure Planning
Remainder of title Projects
520 ## - SUMMARY, ETC.
Summary, etc. Gives details of projects where the developer has advised the Planning Inspectorate in writing that they intend to submit an application, where an application has already been made to the Planning Inspectorate and is undergoing the development consent process and where a proposal has been decided.
590 ## - LOCAL NOTE (RLIN)
Local note KA
651 #4 - SUBJECT ADDED ENTRY--GEOGRAPHIC NAME
Geographic name England and Wales
Chronological subdivision 1543-
690 ## - LOCAL SUBJECT ADDED ENTRY--TOPICAL TERM (OCLC, RLIN)
Topical term or geographic name as entry element Infrastructure
9 (RLIN) 6246
690 ## - LOCAL SUBJECT ADDED ENTRY--TOPICAL TERM (OCLC, RLIN)
Topical term or geographic name as entry element Planning and development
9 (RLIN) 6259
856 40 - ELECTRONIC LOCATION AND ACCESS
Uniform Resource Identifier <a href="https://infrastructure.planninginspectorate.gov.uk/projects/">https://infrastructure.planninginspectorate.gov.uk/projects/</a>
Public note View the website free of charge at infrastructure.planningportal.gov.uk
942 ## - ADDED ENTRY ELEMENTS (KOHA)
Suppress in OPAC 0
Holdings
Withdrawn status Lost status Source of classification or shelving scheme Damaged status Not for loan Home library Current library Shelving location Date acquired Total Checkouts Full call number Barcode Date last seen Copy number Price effective from Koha item type
    Dewey Decimal Classification     Virtual Virtual Online 21/10/2015   WEBSITE 158941-2001 06/08/2019 1 06/08/2019 Online material